Statistics for BART System Map Station Quiz

Click here to take the quiz!

General Stats

  • This quiz has been taken 252 times
  • The average score is 33 of 50

Answers on the Map

Answers color-coded by a green-red scale on the quiz's map according to % correct below.
 

Answer Stats

Station% Correct
San Francisco International Airport (SFO)
92%
Richmond
91%
Oakland International Airport (OAK)
90%
Daly City
89%
Embarcadero
88%
19th St/Oakland
83%
Dublin/Pleasanton
82%
Millbrae
82%
Antioch
79%
Fremont
79%
Civic Center/UN Plaza
75%
Pittsburg/Bay Point
75%
Powell St
74%
Coliseum
72%
South San Francisco
72%
West Oakland
72%
Downtown Berkeley
71%
Fruit Vale
71%
North Berkeley
71%
Berryessa/North San José
70%
Hayward
70%
Montgomery St
70%
West Dublin/Pleasanton
68%
12th St/Oakland City Center
66%
MacArthur
66%
Balboa Park
65%
Milpitas
65%
Warm Springs/South Fremont
63%
Concord
62%
Lafayette
62%
Orinda
62%
San Bruno
62%
Walnut creek
62%
24th St Mission
60%
Ashby
60%
Colma
60%
Lake Merrit
60%
San Leandro
60%
Union City
60%
Glen Park
58%
16th St Mission
57%
Rockridge
56%
Bay Fair
55%
Castro Valley
53%
El Cerrito Del Norte
53%
South Hayward
48%
El Cerrito Plaza
47%
North Concord/Martinez
46%
Pleasant Hill/Contra Costa Centre
45%
Pittsburg Center
30%

Score Distribution

Percentile by Number Answered

Percent of People with Each Score

Your Score History

You have not taken this quiz